000 00936nam a22002177a 4500
999 _c7908
_d7908
003 AR-CdUCM
008 190321b ||||| |||| 00| 0 spa d
040 _aMUNICIPALIDAD PROVINCIAL DEL CUSCO
_cBIBLIOTECA MUNICIPAL DEL CUSCO
082 _a607.61 /
_bC26
100 _aCarazas Gamarra, Washington
_922359
245 _aMetodologia de la investigación científica; un análisis de las tendencias investigativas /
260 _aCusco :
_bGraficolors,
_c2008.
300 _a276 paginas ;
_c21 cm.
505 _aContenido : Las tendencias dentro del enfoque de la investigación científica y educativa -- La necesidad de investigar en educación -- La teoría científica -- El conocimiento empírico...
650 _aMétodo de investigación
_922360
650 _aInvestigación científica
_99735
650 I _aInvestigación educativa
_99736
700 _aPanti Hermoza, Yuli Tania
_922361
942 _2ddc
_cLIBROS
945 _awnts